000
00223nam a2200097Ia 4500
005
20251222114341.0
008
251222s1900||||xx |||||||||||||| ||spa||
082
_a
DVD0110/B45/2000
245
0
_a
Camino hacia dorado:
942
_c
DVD
999
_c
876
_d
876